| 000 | 00526nam a22001937a 4500 | ||
|---|---|---|---|
| 005 | 20251108173318.0 | ||
| 008 | 250721s1992 xx 000 0 ara d | ||
| 020 | _a997370312X | ||
| 082 | 1 | 4 | _a812.9611/مسع |
| 100 | 1 | _aالمسعدي، محمود | |
| 245 | 1 | 0 | _aالسد / |
| 264 | 1 |
_aتونس : _bدار الجنوب للنشر، _c1992. |
|
| 300 | _a171 ص. | ||
| 490 | 0 | _aعيون المعاصرة | |
| 650 | 1 | 7 | _aالمسرحيات العربية |
| 650 | 1 | 7 | _aتونس |
| 942 |
_2ddc _cBK |
||
| 999 |
_c100995 _d100995 |
||